000 00813nam a2200217 i 4500
001 173462
003 ES-MaACL
005 20230906215240.0
008 091202s1966 pr |||| |bspa d
080 _a929 Álvarez Chanca, Diego
100 1 _aTió, Aurelio.
_9163441
245 1 0 _aDr. Diego Álvarez Chanca
_b: (estudio biográfico) /
_cAurelio Tió.
260 _aPuerto Rico :
_bInstituto de Cultura Puertorriqueña, Universidad Interamericana,
_c1966.
300 _aXV, 450 p., 2 h. ;
_c25 cm.
490 1 _aPublicaciones de la Asociación Médica de Puerto Rico
600 1 4 _aAlvarez Chanca, Diego.
_920734
710 2 _aAsociación Médica de Puerto Rico.
_91750
830 0 _aPublicaciones de la Asociación Médica de Puerto Rico
_9223545
852 _aES-MaACL
_jC-56960
999 _c173462
_d173462